Victorian fairy tales

This anthology brings together 14 of the best Victorian fairy tales, by major period writers as well as specialists in the genre, to show the vibrancy of the form and its ability to reflect our deepest concerns.

Αποθηκεύτηκε σε:
Λεπτομέρειες βιβλιογραφικής εγγραφής
Άλλοι συγγραφείς: Newton, Michael (Michael Stuart), 1965- (Επιμελητής έκδοσης)
Μορφή: Βιβλίο
Γλώσσα:English
Δημοσίευση: Oxford : Oxford University Press, 2015.
Θέματα:
Ετικέτες: Προσθήκη ετικέτας
Δεν υπάρχουν, Καταχωρήστε ετικέτα πρώτοι!

MARC

LEADER 00000nam a2200000 a 4500
001 1/112436
008 161201s2015####uk | ||| |||| ||eng||
020 |a 9780199601950 
040 |a GR-MyUa  |b gre  |c GR-MyUa  |e AACR2 
041 0 |a eng 
082 7 |a 823.808   |2 (23) 
245 0 0 |a Victorian fairy tales /   |c επιμέλεια, επεξεργασία, σημειώσεις:Michael Newton.  
260 |a Oxford :   |b Oxford University Press,   |c 2015.  
300 |a xlii, 444 σ. ;   |c 23 εκ.  
504 |a Περιλαμβάνει βιβλιογραφικές παραπομπές και ευρετήριο.  
520 8 |a This anthology brings together 14 of the best Victorian fairy tales, by major period writers as well as specialists in the genre, to show the vibrancy of the form and its ability to reflect our deepest concerns. 
650 0 |a English fiction  |y 19th century  |x History and criticism. 
650 0 |a Fairy tales  |z England. 
650 0 |a Fairy tales  |x History and criticism. 
650 0 |a English fiction  |y 19th century. 
700 1 |a Newton, Michael   |q (Michael Stuart),   |d 1965-  |e edt 
852 |a INST  |b RHODES  |e 20161201  |h 823.808 VIC  |p 005400038946  |q 005400038946  |t BK  |y 0 
922 |a 4ΕΛΗ  |b 2016/07  |c ΤΑΚ/ΒΙΒ  |d Διαδρομές 
970 |z 01-12-2016